Normal view
MARC view
- Mumbai (India)
Entry Geographic Name
001 - CONTROL NUMBER
- control field: 28145
003 - CONTROL NUMBER IDENTIFIER
- control field: NUST
005 - DATE AND TIME OF LATEST TRANSACTION
- control field: 20200128153141.0
008 - FIXED-LENGTH DATA ELEMENTS
- fixed length control field: 200128|| aca||aabn | a|a d
040 ## - CATALOGING SOURCE
- Original cataloging agency: NUST
- Transcribing agency: NUST
151 ## - HEADING--GEOGRAPHIC NAME
- Geographic name: Mumbai (India)
670 ## - SOURCE DATA FOUND
- Source citation: Work cat.: (NUST): Suri, Manil. 28142, The death of Vishnu /, 2001.
